LEADER 01396nam a2200325 a 4500 001 000000159676 003 CaOOAMICUS 005 20170327090145.0 008 170327s2016 gw u000 u ger r 020 $a978-3-95948-131-1* 032 $aLibriCat 040 $aPUL$bita 082 04$a142 100 1 $aCrespo, Mariano.$0(OLS)http://pul/name/41094 245 14$aDie Person im Kontext von Moral und Sozialität : $bStudien zur frühen phänomenologischen Ethik /$cMariano Crespo und Urbano Ferrer. 260 $aNordhausen :$bTraugott Bautz,$c2016. 300 $a182 p. ;$c23 cm. 490 1 $aAd fontes ;$v04 504 $aBibliografia in nota. 650 4$aFenomenologia$xStudi.$0(OLS)http://pul/subject/39462 700 1 $aFerrer, Urbano.$0(OLS)http://pul/name/76285 830 0$aAd fontes ;$v04.$0(OLS)http://pul/title/199305 850 $aPUL 852 $aPUL$W1$xSL Filosofia 3$y81$m142 CREMA 1$j183203$qDDC 21$B186409$CPULBib$Z2$F186409 $H159676 $81 941 1 $a9 996 $6020$a978-3-95948-131-1*$9(OLS)http://pul/number/162268 996 $6082$a142$9(OLS)http://pul/classification/555 996 $6245$aDie Person im Kontext von Moral und Sozialität : $bStudien zur frühen phänomenologischen Ethik$9(OLS)http://pul/title/199306 996 $6260$aNordhausen :$bTraugott Bautz$9(OLS)http://pul/publisher/86172 LEADER 01264nam a2200301 a 4500 001 000000141703 003 CaOOAMICUS 005 20150210104712.0 008 150210s2001 it u000 u ita r 020 $z8842495190* 040 $aPUL$bita 100 1 $aPasquini, Emilio.$0(OLS)http://pul/name/61423 245 10$aDante e le figure del vero :$bla fabbrica della Commedia /$cEmilio Pasquini. 260 $aMilano :$bBruno Mondadori,$c©2001. 300 $aVIII, 307 p. ;$c22 cm 490 1 $aSintesi 504 $aBibliografia in nota. 600 04$aDante Alighieri,$d1265-1321$tDivina Commedia$xCritica e interpretazione.$0(OLS)http://pul/subject/7363 700 1 $aGoggi, Giulio,$d1969-$0(OLS)http://pul/name/71721 830 0$aSintesi (Bruno Mondadori).$0(OLS)http://pul/title/64782 850 $aPUL 852 $aPUL$W1$xDP1 Fondo Capitani$y116$m9 A 54$j44587$qFondi$B163528$CPULBib$Z2$F163528 $HCap1051 $82 941 1 $a1 961 $aDedica autografa dell'A. 996 $6020$z8842495190*$9(OLS)http://pul/number/156917 996 $6245$aDante e le figure del vero :$bla fabbrica della Commedia$9(OLS)http://pul/title/179347 996 $6260$aMilano :$bBruno Mondadori$9(OLS)http://pul/publisher/60338